000 00499nam a2200181Ia 4500
005 20250508151708.0
008 008 250505s9999 xx 000 0 eng d
037 _aTextual
040 _aFEDL
_beng
_cFEDL
041 _aeng
_2eng
084 _a372.83, LIT
_qFEDL
100 _aDavid Gaynelle
_9759763
245 0 _aProjection in nature
260 _aColumbus, USA
_bCharles E Merrill Book, Inc
_c1952
300 _a32p
942 _cTEXL
_h372.83, LIT
999 _c1331485
_d1331485